000 00777nas a2200253 4500
001 BR9604918
003 BR-BrBNA
005 20231205095333.0
007 ta
008 230509b bl.|||p| |||| 00| 00por d
040 _aBR-BrBNA
_bpor
_cBiblioteca Nacional de Agricultura
041 _a(Pt)
072 _aP34
100 1 _aSoccol, C.R.
100 1 _aPinheiro, L.I.
100 1 _aKrefta, A.A.W.
245 1 _aDegradacao microbiologica de pesticidas no solo: revisao bibliografica
650 _aPesticida
650 _aMicrobiologia do Solo
650 _aDeterioracao do Solo
773 0 _tPesticidas. Revista Tecnico-Cientifica (Brazil)
_xISSN 0103-7277
_g(Jan-Dec 1995), v. 5 p. 1-18
_wBR9604918
909 _a202311
_bLúcia
_c55
_dLúcia Elande
942 _2AGRIS
_n0
_cANA
999 _c150111
_d150111